000 01324nam a22002057a 4500
005 20120702123653.0
020 _a9789350130490
_c385.00
100 _aशर्मा, एच.पी.
_949781
245 _aउपकार दिल्ली अधीनस्थ सेवा चयन बो्र्ड टी.जी.टी. भर्ती परीक्षा;
_cप्रवीण कुमार सिंह...(इत्यादि)
_bप्राकृतिक विज्ञानः भौतिकशास्त्र,रसायनशास्त्र,जन्तु विज्ञान, वनस्पति विज्ञान/
260 _aआगरा
_bउपकार प्रकाशन
_cव.अ.
270 _a2/11 ए, स्वदेशी बीमा नगर(शाह सिनेमा के सामने)
_e282002
_k4053333
_bआगरा
300 _aवि. पृ.
_c24सेंमीं (सजिल्द)
490 _a
_949782
700 _949745
_aयादव, बी.एस.
700 _aए.पी..सिंह
_949777
700 _aशर्मा, राजेन्द्र
_949778
942 _2ddc
_cHN
_mशर्माए
999 _c68293
_d68293